|
|
|
|
| LEADER |
00000nam0a2200000 4500 |
| 001 |
272516 |
| 005 |
20231101234537.0 |
| 035 |
|
|
|a (RuTPU)RU\TPU\book\295723
|
| 090 |
|
|
|a 272516
|
| 100 |
|
|
|a 20141018d1986 k y0rusy50 ca
|
| 101 |
0 |
|
|a rus
|
| 102 |
|
|
|a RU
|
| 105 |
|
|
|a a z 001zy
|
| 200 |
1 |
|
|a Комплексное использование минерально-сырьевых ресурсов при обогащении руд черных металлов
|f Н. А. Малецкий, А. В. Кабанов, В. Т. Баришполец
|
| 210 |
|
|
|a Москва
|c Недра
|d 1986
|
| 215 |
|
|
|a 192 с.
|c ил.
|
| 320 |
|
|
|a Библиогр.: с. 189-190
|
| 606 |
1 |
|
|a Обогащение
|x Горное дело
|2 stltpush
|3 (RuTPU)RU\TPU\subj\46453
|9 65593
|
| 610 |
1 |
|
|a минерально-сырьевые ресурсы
|
| 610 |
1 |
|
|a комплексное использование
|
| 610 |
1 |
|
|a черные металлы
|
| 610 |
1 |
|
|a руды черных металлов
|
| 610 |
1 |
|
|a минерально-сырьевая база
|
| 610 |
1 |
|
|a потери
|
| 610 |
1 |
|
|a сырье
|
| 610 |
1 |
|
|a использование
|
| 610 |
1 |
|
|a экономическая этика
|
| 675 |
|
|
|a 622.7
|v 4
|
| 700 |
|
1 |
|a Малецкий
|b Н. А.
|g Николай Александрович
|4 070
|
| 701 |
|
1 |
|a Кабанов
|b А. В.
|g Алексей Васильевич
|4 070
|
| 701 |
|
1 |
|a Баришполец
|b В. Т.
|g Владимир Трофимович
|4 070
|
| 801 |
|
1 |
|a RU
|b 63413507
|c 20141018
|
| 801 |
|
2 |
|a RU
|b 63413507
|c 20170316
|g RCR
|
| 942 |
|
|
|c BK
|